000 00717nab a2200229u 4500
001 23098
003 HDC
007 c| |||a|c|aaaa
008 210315b20180427my ||||| |||| 00| 0 may d
040 _aHDC
245 0 _aProduk baharu lonjak jualan Nestle Malaysia
336 _atext
_2rdacontent
337 _acomputer
_2rdamedia
338 _aonline resource
_2rdacarrier
650 _aNestle Malaysia
_919844
650 _aproduct launch
_919845
710 _aBERITA HARIAN
856 _zRequest full-text at [email protected]
942 _2lcc
942 _cNEWS
942 _kNWSC 005076
999 _c20414
_d20414